[Event "WchT (Women) Final"]
[Site "Bydgoszcz"]
[Date "2023.09.10"]
[Round "2.3"]
[White "Kamalidenova, Meruert"]
[Black "Savina, Anastasia"]
[Result "1-0"]
[WhiteElo "2351"]
[BlackElo "2339"]
[PlyCount "135"]
[EventDate "2023.09.09"]
[EventType "team-k.o. (rapid)"]
[EventRounds "3"]
[EventCountry "POL"]
[SourceTitle "EXT 2024"]
[Source "ChessBase"]
[SourceDate "2023.10.10"]
[SourceVersion "1"]
[SourceVersionDate "2023.10.10"]
[SourceQuality "1"]
[WhiteTeam "Kazakhstan (W)"]
[BlackTeam "France (W)"]
[WhiteTeamCountry "KAZ"]
[BlackTeamCountry "FRA"]

1. e4 e5 2. Nf3 Nc6 3. Bb5 Nf6 4. 0-0 Nxe4 5. Re1 Nd6 6. Nxe5 Be7 7. Bf1 Nxe5 8. Rxe5 0-0 9. d4 Ne8 10. c4 Bf6 11. Re1 d5 12. cxd5 Qxd5 13. Be3 Nd6 14. Nc3 Qa5 15. a3 c6 16. b4 Qd8 17. Rc1 Be6 18. Qd3 Bc4 19. Qc2 Bxf1 20. Rxf1 Re8 21. Rcd1 Nc4 22. Bc1 Nb6 23. Ne4 Nd5 24. h3 Rxe4 25. Qxe4 Nc3 26. Qf3 Nxd1 27. Rxd1 Qd5 28. Qxd5 cxd5 29. Be3 Rc8 30. Kf1 Rc2 31. Rd3 Kf8 32. Ke1 Ke7 33. Kd1 Rc4 34. Kd2 Kd7 35. g4 h6 36. Ke2 Kc6 37. f4 g5 38. fxg5 hxg5 39. Bd2 Rxd4 40. Rf3 Be7 41. Rxf7 Re4+ 42. Kd3 Kd6 43. Rf5 Ke6 44. Bxg5 Bxg5 45. Rxg5 Rf4 46. Ke3 Rc4 47. Kd2 Rd4+ 48. Kc3 Rf4 49. Rh5 Rf3+ 50. Kd4 Rxa3 51. Rh6+ Kf7 52. Kxd5 Rd3+ 53. Kc4 Rf3 54. g5 a6 55. h4 b5+ 56. Kc5 Rc3+ 57. Kb6 Rc4 58. Ka5 Kg7 59. Rxa6 Rxh4 60. Rb6 Rg4 61. Rxb5 Kg6 62. Rc5 Rg1 63. b5 Ra1+ 64. Kb6 Ra2 65. Kb7 Ra5 66. Kb6 Ra2 67. Kc6 Ra8 68. b6 1-0

[Event "FRA-chT Top 12 (Women) Finals"]
[Site "La Roche sur Yon"]
[Date "2023.07.02"]
[Round "2.1"]
[White "Savina, Anastasia"]
[Black "Javakhishvili, Lela"]
[Result "0-1"]
[WhiteElo "2344"]
[BlackElo "2439"]
[PlyCount "96"]
[EventDate "2023.07.01"]
[EventType "team-k.o."]
[EventRounds "3"]
[EventCountry "FRA"]
[SourceTitle "CBM 215 Extra"]
[Source "ChessBase"]
[SourceDate "2023.09.30"]
[SourceVersion "1"]
[SourceVersionDate "2023.09.30"]
[SourceQuality "1"]
[WhiteTeam "Vandoeuvre (W)"]
[BlackTeam "Bischwiller (W)"]
[WhiteTeamCountry "FRA"]
[BlackTeamCountry "FRA"]

1. d4 Nf6 2. c4 e6 3. Nc3 d5 4. Bg5 dxc4 5. e4 c5 6. d5 Be7 7. Nf3 exd5 8. exd5 0-0 9. Bxc4 h6 10. Be3 a6 11. a4 Ng4 12. Bf4 Bd6 13. Bxd6 Re8+ 14. Be2 Qxd6 15. 0-0 Nd7 16. h3 Ngf6 17. Nd2 Nb6 18. Bf3 Bf5 19. a5 Nbd7 20. Nc4 Qf4 21. Ne3 Ne5 22. Be2 Bd7 23. Na4 Ne4 24. Nb6 Rad8 25. Nxd7 Nxd7 26. Ra4 Ndf6 27. Qb3 Qe5 28. Rd1 Nd6 29. Bf3 Nb5 30. Nc2 Qc7 31. Qc4 Nd7 32. Qh4 Ne5 33. Be2 Ng6 34. Qg4 Qe5 35. Ne3 Qxb2 36. Bxb5 axb5 37. Raa1 Qf6 38. Rab1 Qa6 39. h4 b4 40. Nf5 Qf6 41. h5 Ne5 42. Qh3 Nc4 43. Rbc1 Nd6 44. Ne3 Ne4 45. Ng4 Qg5 46. Rc4 Nc3 47. f4 Ne2+ 48. Kh1 Nxf4 0-1

[Event "FRA-chT Top 12 (Women) GpB"]
[Site "Mulhouse"]
[Date "2023.05.19"]
[Round "2.3"]
[White "Savina, Anastasia"]
[Black "Matnadze, Ana"]
[Result "0-1"]
[WhiteElo "2342"]
[BlackElo "2393"]
[PlyCount "102"]
[EventDate "2023.05.18"]
[EventType "team-tourn"]
[EventRounds "5"]
[EventCountry "FRA"]
[SourceTitle "CBM 214 Extra"]
[Source "ChessBase"]
[SourceDate "2023.07.31"]
[SourceVersion "1"]
[SourceVersionDate "2023.07.31"]
[SourceQuality "1"]
[WhiteTeam "Vandoeuvre (W)"]
[BlackTeam "Grasse (W)"]
[WhiteTeamCountry "FRA"]
[BlackTeamCountry "FRA"]

1. d4 Nf6 2. c4 e6 3. Nc3 d5 4. Bg5 Be7 5. e3 0-0 6. Nf3 b6 7. Rc1 Bb7 8. cxd5 exd5 9. Bd3 Nbd7 10. 0-0 c5 11. h3 Ne4 12. Bf4 Ndf6 13. Ne5 Rc8 14. Ne2 c4 15. Bb1 b5 16. f3 Nd6 17. Ng3 Nfe8 18. Nf5 g6 19. Nxe7+ Qxe7 20. Qd2 Rd8 21. Rce1 Ng7 22. Ng4 h5 23. Ne5 Nc8 24. Bh2 b4 25. Kh1 Ne6 26. f4 Nd6 27. Qxb4 Ng7 28. e4 dxe4 29. Nxc4 Ngf5 30. Ne5 h4 31. a3 Qe6 32. Ng4 Kg7 33. Qa5 Bd5 34. Rc1 Nc4 35. Qe1 Rfe8 36. Ne5 Rc8 37. b3 Nce3 38. Rf2 Rxc1 39. Qxc1 Rc8 40. Qe1 Qb6 41. Ng4 Qxb3 42. Nxe3 Qxe3 43. Qxe3 Nxe3 44. Bg1 Rc1 45. Rb2 Nc4 46. Rb5 Nxa3 47. Rxd5 Nxb1 48. Re5 Nd2 49. d5 Rd1 50. Re8 Nf1 51. Bxa7 Ng3+ 0-1

[Event "Mitropa Cup (Women)"]
[Site "Mali Losinj"]
[Date "2023.04.13"]
[Round "3.1"]
[White "Brunello, Marina"]
[Black "Savina, Anastasia"]
[Result "1/2-1/2"]
[WhiteElo "2340"]
[BlackElo "2343"]
[PlyCount "111"]
[EventDate "2023.04.11"]
[EventType "team-tourn"]
[EventRounds "9"]
[EventCountry "CRO"]
[SourceTitle "CBM 213 Extra"]
[Source "ChessBase"]
[SourceDate "2023.05.31"]
[SourceVersion "1"]
[SourceVersionDate "2023.05.31"]
[SourceQuality "1"]
[WhiteTeam "Italy (W)"]
[BlackTeam "France (W)"]
[WhiteTeamCountry "ITA"]
[BlackTeamCountry "FRA"]

1. e4 e5 2. Nf3 Nc6 3. Bc4 Nf6 4. d3 d5 5. exd5 Nxd5 6. 0-0 Be7 7. h3 Nb6 8. Bb5 f6 9. Nc3 0-0 10. Bxc6 bxc6 11. d4 Bf5 12. Be3 Nd5 13. Nxd5 Qxd5 14. dxe5 Be4 15. Nd2 Bg6 16. exf6 Bxf6 17. c3 Rab8 18. Nb3 a5 19. Qg4 Qb5 20. Rfc1 Rfe8 21. Nd4 Qxb2 22. Qd7 Be4 23. Nxc6 Ra8 24. Nd4 Re7 25. Qa4 Kh8 26. Qb3 Rb8 27. Qxb2 Rxb2 28. a4 h6 29. Nb5 Bd3 30. Nd4 Be4 31. Re1 Bd5 32. Rab1 Ra2 33. Rb5 Bxd4 34. cxd4 Bc6 35. Rxa5 Rxa4 36. Rxa4 Bxa4 37. Rc1 c6 38. Bf4 Kg8 39. Be5 h5 40. g4 hxg4 41. hxg4 Kf7 42. Kg2 Bb3 43. Kg3 Bd5 44. Kh4 Re6 45. f4 Rh6+ 46. Kg3 Rh1 47. Rc3 g5 48. f5 Rg1+ 49. Kh3 Rh1+ 50. Bh2 Rd1 51. Be5 Rh1+ 52. Kg3 Rg1+ 53. Kf2 Rxg4 54. Ra3 Rg2+ 55. Ke3 Ra2 56. Rxa2 1/2-1/2

[Event "Mitropa Cup (Women)"]
[Site "Mali Losinj"]
[Date "2023.04.11"]
[Round "1.1"]
[White "Savina, Anastasia"]
[Black "Bashylina, Luisa"]
[Result "1-0"]
[WhiteElo "2343"]
[BlackElo "2103"]
[PlyCount "77"]
[EventDate "2023.04.11"]
[EventType "team-tourn"]
[EventRounds "9"]
[EventCountry "CRO"]
[SourceTitle "CBM 213 Extra"]
[Source "ChessBase"]
[SourceDate "2023.05.31"]
[SourceVersion "1"]
[SourceVersionDate "2023.05.31"]
[SourceQuality "1"]
[WhiteTeam "France (W)"]
[BlackTeam "Germany (W)"]
[WhiteTeamCountry "FRA"]
[BlackTeamCountry "GER"]

1. d4 Nf6 2. c4 g6 3. Nc3 d5 4. cxd5 Nxd5 5. e4 Nxc3 6. bxc3 Bg7 7. Bb5+ c6 8. Ba4 0-0 9. Ne2 c5 10. 0-0 b6 11. d5 e6 12. Bf4 Ba6 13. Rc1 b5 14. Bb3 c4 15. Bc2 e5 16. Be3 Nd7 17. Rb1 f5 18. exf5 gxf5 19. f4 Nb6 20. fxe5 Nxd5 21. Bc5 Bxe5 22. Bxf5 Kh8 23. Bxf8 Qb6+ 24. Kh1 Bb7 25. Rf3 Rxf8 26. Be4 Rd8 27. Qf1 Bg7 28. Rd1 Qe6 29. Bxd5 Rxd5 30. Nd4 Qg6 31. Re1 Rg5 32. Rf8+ Bxf8 33. Qxf8+ Qg8 34. Qf6+ Rg7 35. Nf5 Bxg2+ 36. Kg1 Bc6+ 37. Qxg7+ Qxg7+ 38. Nxg7 Kxg7 39. Re7+ 1-0

[Event "EU-ch (Women) 23rd"]
[Site "Petrovac"]
[Date "2023.03.25"]
[Round "7"]
[White "Savina, Anastasia"]
[Black "Gunina, Valentina"]
[Result "1-0"]
[WhiteElo "2345"]
[BlackElo "2478"]
[PlyCount "79"]
[EventDate "2023.03.18"]
[EventType "swiss"]
[EventRounds "11"]
[EventCountry "MNE"]
[SourceTitle "CBM 213 Extra"]
[Source "ChessBase"]
[SourceDate "2023.05.31"]
[SourceVersion "1"]
[SourceVersionDate "2023.05.31"]
[SourceQuality "1"]

1. d4 d5 2. c4 c6 3. Nf3 Nf6 4. Nc3 dxc4 5. a4 Bf5 6. Ne5 Nbd7 7. Nxc4 Nb6 8. Ne5 a5 9. f3 Nfd7 10. e4 Nxe5 11. dxe5 Qxd1+ 12. Nxd1 Be6 13. Nf2 g6 14. Nd3 Bg7 15. f4 Nd7 16. Be2 f5 17. exf5 Bxf5 18. h4 0-0-0 19. Nf2 Nc5 20. Be3 Nb3 21. Rd1 Kc7 22. Bd3 e6 23. h5 Bf8 24. g4 Bxd3 25. Rxd3 Bb4+ 26. Ke2 Nc5 27. Bxc5 Bxc5 28. Rxd8 Rxd8 29. Ne4 Kb6 30. Ng5 Rd4 31. Nxh7 gxh5 32. gxh5 Rxf4 33. Nf6 Rf2+ 34. Kd3 Rf3+ 35. Ke4 Re3+ 36. Kf4 Rd3 37. h6 Rd4+ 38. Kf3 Rd3+ 39. Ke2 Re3+ 40. Kd2 1-0

[Event "Basel op 25th"]
[Site "Basel"]
[Date "2022.10.08"]
[Round "2"]
[White "Savina, Anastasia"]
[Black "Jud, Marc"]
[Result "1-0"]
[WhiteElo "2352"]
[BlackElo "1838"]
[PlyCount "63"]
[EventDate "2022.10.07"]
[EventType "swiss"]
[EventRounds "5"]
[EventCountry "SUI"]
[SourceTitle "CBM 210 Extra"]
[Source "ChessBase"]
[SourceDate "2022.11.30"]
[SourceVersion "1"]
[SourceVersionDate "2022.11.30"]
[SourceQuality "1"]

1. d4 Nf6 2. c4 g6 3. Nc3 d5 4. cxd5 Nxd5 5. e4 Nxc3 6. bxc3 Bg7 7. h3 0-0 8. Nf3 c5 9. Be2 cxd4 10. cxd4 Nc6 11. Be3 b6 12. Rc1 Bb7 13. d5 Ne5 14. Nd4 Nd7 15. Nc6 Qe8 16. 0-0 Ne5 17. Nxe5 Bxe5 18. Bh6 Bg7 19. Bxg7 Kxg7 20. Qd4+ Kg8 21. Rc7 Bc8 22. Qb4 Bd7 23. Ba6 Qd8 24. Rfc1 Re8 25. e5 Kh8 26. h4 h5 27. e6 fxe6 28. Qf4 Kg7 29. Qe5+ Kf7 30. Rxd7 Qxd7 31. dxe6+ Qxe6 32. Bc4 1-0

[Event "Olympiad Women-44"]
[Site "Chennai"]
[Date "2022.08.02"]
[Round "5.3"]
[White "Savina, Anastasia"]
[Black "Vaishali, Ramesh Babu"]
[Result "1/2-1/2"]
[WhiteElo "2377"]
[BlackElo "2442"]
[PlyCount "107"]
[EventDate "2022.07.29"]
[EventType "team-swiss"]
[EventRounds "11"]
[EventCountry "IND"]
[SourceTitle "CBM 210"]
[Source "ChessBase"]
[SourceDate "2022.10.31"]
[SourceVersion "1"]
[SourceVersionDate "2022.10.31"]
[SourceQuality "1"]
[WhiteTeam "France (W)"]
[BlackTeam "India (W)"]
[WhiteTeamCountry "FRA"]
[BlackTeamCountry "IND"]

1. d4 Nf6 2. c4 e6 3. Nc3 Bb4 4. e3 0-0 5. Bd2 c5 6. d5 exd5 7. cxd5 d6 8. Nge2 Na6 9. a3 Ba5 10. Nf4 Nc7 11. Bd3 b5 12. 0-0 c4 13. Bc2 Bb7 14. e4 Bb6 15. Nh5 Nxh5 16. Qxh5 g6 17. Qg4 a5 18. Bg5 f6 19. Bh6 Rf7 20. Ne2 Qd7 21. Qg3 Re8 22. Nc3 Re5 23. Kh1 b4 24. axb4 axb4 25. Na4 Ba7 26. Bd2 Na6 27. f4 Re8 28. b3 c3 29. Be3 Bxe3 30. Qxe3 f5 31. Qd4 fxe4 32. Bxe4 Nc5 33. Nxc5 dxc5 34. Qc4 Rxe4 35. Qxe4 Qxd5 36. Qc2 c4 37. bxc4 Qxc4 38. Rac1 Be4 39. Qa4 Kg7 40. Qe8 Qd5 41. Rcd1 Rxf4 42. Qd7+ Qxd7 43. Rxd7+ Kh6 44. Rxf4 c2 45. Rc7 b3 46. Rh4+ Kg5 47. Rxe4 b2 48. h4+ Kh6 49. Rec4 b1Q+ 50. Kh2 Qe1 51. Rc3 c1R 52. Rxc1 Qxh4+ 53. Kg1 Qd4+ 54. Kh2 1/2-1/2

[Event "Olympiad Women-44"]
[Site "Chennai"]
[Date "2022.07.30"]
[Round "2.3"]
[White "Savina, Anastasia"]
[Black "Moaataz, Ayah"]
[Result "1-0"]
[WhiteElo "2377"]
[BlackElo "2119"]
[PlyCount "73"]
[EventDate "2022.07.29"]
[EventType "team-swiss"]
[EventRounds "11"]
[EventCountry "IND"]
[SourceTitle "CBM 210"]
[Source "ChessBase"]
[SourceDate "2022.10.31"]
[SourceVersion "1"]
[SourceVersionDate "2022.10.31"]
[SourceQuality "1"]
[WhiteTeam "France (W)"]
[BlackTeam "Egypt (W)"]
[WhiteTeamCountry "FRA"]
[BlackTeamCountry "EGY"]

1. d4 d5 2. c4 c6 3. Nc3 Nf6 4. Nf3 e6 5. e3 Nbd7 6. Qc2 Bd6 7. Bd3 dxc4 8. Bxc4 0-0 9. 0-0 e5 10. h3 h6 11. Bb3 Kh8 12. Bd2 exd4 13. exd4 Nh5 14. Rae1 Bf4 15. g4 Bxd2 16. Qxd2 Qf6 17. Bd1 Nb6 18. Ne4 Qf4 19. gxh5 Qxd2 20. Nexd2 Bxh3 21. Re7 Bxf1 22. Kxf1 Rad8 23. Rxb7 Rd7 24. Rxd7 Nxd7 25. Ba4 Rc8 26. Ne4 Nb6 27. Nd6 Rc7 28. Bb3 Nd5 29. Ne5 Kh7 30. Ndxf7 Nf4 31. Nd8 c5 32. d5 Re7 33. Ndc6 Rb7 34. d6 c4 35. Bc2+ Kg8 36. d7 Ne6 37. Bf5 1-0

[Event "FRA-chT Top 16 Gp Haute"]
[Site "Chartres"]
[Date "2022.06.16"]
[Round "1.2"]
[White "Jones, Gawain C B"]
[Black "Savina, Anastasia"]
[Result "1-0"]
[WhiteElo "2665"]
[BlackElo "2358"]
[PlyCount "51"]
[EventDate "2022.06.16"]
[EventType "team-tourn"]
[EventRounds "4"]
[EventCountry "FRA"]
[SourceTitle "CBM 208 Extra"]
[Source "ChessBase"]
[SourceDate "2022.07.31"]
[SourceVersion "1"]
[SourceVersionDate "2022.07.31"]
[SourceQuality "1"]
[WhiteTeam "Chalon"]
[BlackTeam "Vandoeuvre"]
[WhiteTeamCountry "FRA"]
[BlackTeamCountry "FRA"]

1. d4 g6 2. e4 Bg7 3. Nc3 d6 4. Be3 a6 5. Qd2 b5 6. 0-0-0 Nd7 7. h4 Ngf6 8. e5 Ng4 9. h5 dxe5 10. dxe5 Ngxe5 11. Bh6 Bf8 12. Bf4 Bg7 13. Qe3 Bb7 14. Bxe5 Bxe5 15. Rxd7 Qxd7 16. Qxe5 0-0-0 17. Bd3 f6 18. Qe3 Bxg2 19. Rh4 Bb7 20. Nge2 e5 21. a4 g5 22. Rb4 Qe7 23. Rb3 c6 24. Qa7 Rxd3 25. cxd3 b4 26. Ne4 1-0